000
00186nam a2200085 4500
001
1257552
005
20260216133211.0
245
_a
ökkeş işportacı
_c
muzaffer izgü
260
_b
özyürek
999
_c
1257552
_d
1257552